000
00253nam a22001217a 4500
008
180917b xxu||||| |||| 00| 0 eng d
041
_a
eng
080
_a
617
100
_a
6
101
_a
ANE
245
_a
Anesthesiology
_c
Greene.n.M
942
_2
udc
_c
BK
999
_c
47869
_d
47869